[Event "CHN-chB"]
[Site "Qinhuangdao"]
[Date "2017.07.17"]
[Round "3"]
[White "Xiang, Zeyu"]
[Black "Hu, Yu"]
[Result "1-0"]
[WhiteElo "2403"]
[BlackElo "2099"]
[PlyCount "119"]
[EventDate "2017.07.16"]
[EventType "swiss"]
[EventRounds "11"]
[EventCountry "CHN"]
[SourceTitle "CBM 179 Extra"]
[Source "ChessBase"]
[SourceDate "2017.08.23"]
[SourceVersion "1"]
[SourceVersionDate "2017.08.23"]
[SourceQuality "1"]

1. c4 e6 2. Nf3 Nf6 3. g3 d5 4. Bg2 Be7 5. 0-0 0-0 6. d4 dxc4 7. Qc2 a6 8. a4 Bd7 9. Qxc4 Bc6 10. Nc3 b5 11. Qd3 b4 12. Nb1 Be4 13. Qd1 c5 14. Nbd2 Bb7 15. Nc4 Nbd7 16. Bf4 cxd4 17. Qxd4 Nc5 18. Qxd8 Raxd8 19. Na5 Nd5 20. Bg5 Bxg5 21. Nxg5 Ba8 22. Rfc1 Rc8 23. Kf1 Nd7 24. Ne4 N5b6 25. b3 Nd5 26. Nd6 Rc5 27. Rxc5 Nxc5 28. Ke1 Nc3 29. Bxa8 Rxa8 30. Rc1 Kf8 31. f3 Rd8 32. Ndc4 Rc8 33. Nb2 Ke7 34. Rc2 Rc7 35. Rd2 f5 36. Rd4 Nb7 37. Nxb7 Rxb7 38. Nd3 a5 39. Ne5 Rc7 40. Rc4 Kd6 41. Rxc7 Kxc7 42. Nc4 Kc6 43. Nxa5+ Kc5 44. Kd2 e5 45. Nc4 e4 46. Ne3 g6 47. Nd1 Nd5 48. fxe4 fxe4 49. Ne3 Nf6 50. Nc2 Nd5 51. h4 h6 52. Ne3 Nf6 53. Nc4 Nd5 54. a5 Kb5 55. Nd6+ Kxa5 56. Nxe4 Kb5 57. Kd3 Ne7 58. Kd4 Nf5+ 59. Ke5 Kc6 60. h5 1-0

[Event "Shanghai Gulf Cup"]
[Site "Shanghai"]
[Date "2017.03.29"]
[Round "3"]
[White "Hu, Yu"]
[Black "Dai, Changren"]
[Result "1-0"]
[WhiteElo "2007"]
[BlackElo "2438"]
[PlyCount "109"]
[EventDate "2017.03.27"]
[EventType "tourn"]
[EventRounds "9"]
[EventCountry "CHN"]
[EventCategory "4"]
[SourceTitle "CBM 177 Extra"]
[Source "ChessBase"]
[SourceDate "2017.04.27"]
[SourceVersion "1"]
[SourceVersionDate "2017.04.27"]
[SourceQuality "1"]

1. e4 c5 2. Nf3 Nc6 3. Bb5 Nf6 4. Bxc6 dxc6 5. d3 Bg4 6. h3 Bh5 7. Nc3 Qc7 8. Be3 Nd7 9. g4 Bg6 10. Qd2 f6 11. Nh4 Bf7 12. f4 e5 13. fxe5 Nxe5 14. Qf2 Qa5 15. 0-0 Be6 16. Nf5 0-0-0 17. Ng3 Be7 18. Nf5 Bf8 19. Ng3 Qc7 20. Nce2 b6 21. a4 Kb7 22. a5 Bd6 23. Nf4 Rhe8 24. Nxe6 Rxe6 25. axb6 axb6 26. Nf5 Bf8 27. Qe2 Ra8 28. Rxa8 Kxa8 29. Bf4 g6 30. Ne3 Bd6 31. Bh2 Kb7 32. Kh1 b5 33. b3 Nd7 34. Bxd6 Qxd6 35. Qf2 Re5 36. Qf4 Qd4 37. Qh6 Kc7 38. Kg2 Re7 39. Qf4+ Kc8 40. Qh6 Kd8 41. h4 Kc7 42. Qf4+ Kb7 43. Rf3 Re5 44. Qh6 Re7 45. Qf4 Kb6 46. Nd5+ cxd5 47. Qd6+ Ka5 48. Qxe7 Ne5 49. Qd8+ Kb4 50. Rxf6 Qe3 51. Rf2 Nxg4 52. c3+ Kxc3 53. Qa5+ b4 54. Qa1+ Kxd3 55. Rf3 1-0

[Event "Harbin U20 op"]
[Site "Harbin"]
[Date "2017.01.21"]
[Round "8"]
[White "Hu, Yu"]
[Black "Bilguun, Sumiya"]
[Result "0-1"]
[WhiteElo "2003"]
[BlackElo "2437"]
[PlyCount "98"]
[EventDate "2017.01.18"]
[EventType "swiss"]
[EventRounds "9"]
[EventCountry "CHN"]
[SourceTitle "EXT 2018"]
[Source "ChessBase"]
[SourceDate "2017.10.13"]
[SourceVersion "1"]
[SourceVersionDate "2017.10.13"]
[SourceQuality "1"]

1. e4 c5 2. Nf3 a6 3. d4 cxd4 4. Nxd4 e6 5. Bd3 Qb6 6. Nb3 Qc7 7. 0-0 d6 8. c4 Nf6 9. Nc3 Nbd7 10. Qe2 Be7 11. Be3 0-0 12. Rac1 b6 13. Nd4 Bb7 14. f3 Rac8 15. Rfd1 Qb8 16. Qf2 Bd8 17. Bf1 Bc7 18. Kh1 Rfe8 19. b4 d5 20. exd5 Bxh2 21. Nc6 Bxc6 22. dxc6 Nf8 23. Ne2 Bc7 24. a4 e5 25. a5 bxa5 26. b5 Bd8 27. Ba7 Qc7 28. Rb1 Qe7 29. b6 Bxb6 30. Bxb6 Rxc6 31. Nc3 e4 32. fxe4 Ng4 33. Qg3 Rh6+ 34. Kg1 Rxb6 35. Rxb6 Qc5+ 36. Kh1 Nf2+ 37. Kh2 Qxb6 38. Rd6 Ng4+ 39. Kh1 Qb8 40. c5 Qb4 41. Be2 Nf2+ 42. Qxf2 Qxc3 43. Rxa6 Rxe4 44. Ra7 Qc1+ 45. Kh2 Qh6+ 46. Kg1 Rf4 47. Bf3 Rh4 48. Kf1 Qc1+ 49. Ke2 Qc2+ 0-1

[Event "Harbin U20 op"]
[Site "Harbin"]
[Date "2017.01.18"]
[Round "1"]
[White "Lu, Miaoyi"]
[Black "Hu, Yu"]
[Result "0-1"]
[WhiteElo "1034"]
[BlackElo "2003"]
[PlyCount "76"]
[EventDate "2017.01.18"]
[EventType "swiss"]
[EventRounds "9"]
[EventCountry "CHN"]
[SourceTitle "EXT 2018"]
[Source "ChessBase"]
[SourceDate "2017.10.13"]
[SourceVersion "1"]
[SourceVersionDate "2017.10.13"]
[SourceQuality "1"]

1. d4 Nf6 2. Nf3 e6 3. Bg5 c5 4. e3 Nc6 5. Nc3 Be7 6. Bxf6 Bxf6 7. d5 exd5 8. Qxd5 d6 9. Bb5 0-0 10. Rd1 Qa5 11. a4 Bxc3+ 12. bxc3 Qxc3+ 13. Qd2 Qxd2+ 14. Rxd2 Rd8 15. e4 Bg4 16. Bxc6 bxc6 17. c4 Rab8 18. 0-0 Be6 19. Rc1 Bxc4 20. h3 Bb3 21. e5 dxe5 22. Rxd8+ Rxd8 23. Rxc5 Bxa4 24. Nxe5 Rd5 25. Rxd5 cxd5 26. Kf1 f6 27. Nf3 Bb5+ 28. Ke1 Kf7 29. Nd4 Bc4 30. g3 g6 31. Kd2 Ke7 32. Kc3 Kd6 33. Kb4 Ke5 34. Nc6+ Ke4 35. Nxa7 Kf3 36. Nc6 Kxf2 37. Ne7 Kxg3 38. Kc5 Kxh3 0-1

[Event "Wch U14 Girls"]
[Site "Maribor"]
[Date "2012.11.16"]
[Round "9.21"]
[White "Chekmareva, Liya"]
[Black "Hu, Yu"]
[Result "1/2-1/2"]
[WhiteElo "1786"]
[BlackElo "1970"]
[PlyCount "98"]
[EventDate "2012.11.08"]
[EventType "swiss"]
[EventRounds "11"]
[EventCountry "SLO"]
[SourceTitle "EXT 2013"]
[Source "ChessBase"]
[SourceDate "2012.11.22"]
[SourceVersion "1"]
[SourceVersionDate "2012.11.22"]
[SourceQuality "1"]

1. e4 c5 2. c3 d5 3. exd5 Qxd5 4. d4 cxd4 5. cxd4 Nc6 6. Nf3 e5 7. Nxe5 Nxe5 8. dxe5 Qxe5+ 9. Qe2 Bb4+ 10. Nd2 Qxe2+ 11. Bxe2 Nf6 12. 0-0 0-0 13. Bf3 Rd8 14. Nb3 a5 15. a3 Bf8 16. Be3 Be6 17. Nxa5 Rxa5 18. Bb6 Rad5 19. Bxd8 Rxd8 20. Rfd1 Rb8 21. Rac1 b5 22. Rd4 Ne8 23. Rcd1 Be7 24. Bc6 Kf8 25. g4 Rb6 26. Bd7 Bc5 27. R4d2 Bxd7 28. Rxd7 Rf6 29. R1d2 Rg6 30. h3 b4 31. Rc2 Be7 32. a4 h5 33. Rc4 hxg4 34. hxg4 f5 35. Rf4 Nf6 36. Rxf5 Rxg4+ 37. Kf1 Kf7 38. Rb7 Ke6 39. Rf3 Bc5 40. Rb5 Ne4 41. Ke2 Rg2 42. Rf4 Nxf2 43. Kf3 Nd3 44. Kxg2 Nxf4+ 45. Kf3 Bd6 46. Ke4 Ng6 47. a5 Ne7 48. a6 Nc8 49. Kf3 Bc7 1/2-1/2

[Event "Wch U14 Girls"]
[Site "Maribor"]
[Date "2012.11.15"]
[Round "8.28"]
[White "Hu, Yu"]
[Black "Tribushna, Hanna"]
[Result "1-0"]
[WhiteElo "1970"]
[BlackElo "1779"]
[PlyCount "63"]
[EventDate "2012.11.08"]
[EventType "swiss"]
[EventRounds "11"]
[EventCountry "SLO"]
[SourceTitle "EXT 2013"]
[Source "ChessBase"]
[SourceDate "2012.11.22"]
[SourceVersion "1"]
[SourceVersionDate "2012.11.22"]
[SourceQuality "1"]

1. e4 d5 2. exd5 Qxd5 3. Nc3 Qa5 4. d4 Nf6 5. Bc4 c6 6. Nf3 Bf5 7. Ne5 e6 8. 0-0 Be7 9. Bb3 Nbd7 10. Qe2 0-0 11. h3 Rad8 12. g4 Bg6 13. h4 Qb4 14. Rd1 Nxe5 15. a3 Qa5 16. dxe5 Rxd1+ 17. Nxd1 Nxg4 18. Qxg4 Qxe5 19. Be3 Bh5 20. Qg3 Qa5 21. Bd4 Qe1+ 22. Kh2 f6 23. Bc3 Qe4 24. Ne3 Rc8 25. Nc4 Bf7 26. Rg1 g6 27. Re1 Qf5 28. Ne3 Qh5 29. Ng4 Kg7 30. Bxe6 Bxe6 31. Rxe6 Kf7 32. Rxe7+ 1-0

[Event "Wch U14 Girls"]
[Site "Maribor"]
[Date "2012.11.11"]
[Round "4.30"]
[White "Hu, Yu"]
[Black "Jargalmaa, Sarantuya"]
[Result "0-1"]
[WhiteElo "1970"]
[BlackElo "1781"]
[PlyCount "86"]
[EventDate "2012.11.08"]
[EventType "swiss"]
[EventRounds "11"]
[EventCountry "SLO"]
[SourceTitle "EXT 2013"]
[Source "ChessBase"]
[SourceDate "2012.11.22"]
[SourceVersion "1"]
[SourceVersionDate "2012.11.22"]
[SourceQuality "1"]

1. e4 c5 2. d4 cxd4 3. c3 dxc3 4. Nxc3 d6 5. Bc4 e6 6. Nf3 Nf6 7. 0-0 Nc6 8. Qe2 a6 9. Rd1 Qc7 10. Bf4 Ne5 11. Bxe5 dxe5 12. Rac1 Bd7 13. Bb5 Qb8 14. Bxd7+ Nxd7 15. Nb5 axb5 16. Rxd7 Kxd7 17. Qxb5+ Ke7 18. Nxe5 Qd6 19. Qxb7+ Kf6 20. Nf3 Qf4 21. Rc4 Rb8 22. Qa7 Kg6 23. Nh4+ Qxh4 24. Qxb8 Bc5 25. Qg3+ Qxg3 26. hxg3 Bb6 27. Rb4 Ba7 28. Rc4 Rd8 29. Rc2 Rd1+ 30. Kh2 Bd4 31. b3 f5 32. exf5+ Kxf5 33. f3 e5 34. Re2 h5 35. Re4 g5 36. g4+ hxg4 37. Rxg4 Ra1 38. a4 Ra3 39. Kg3 Rxb3 40. Re4 Ra3 41. Re2 Rxa4 42. Kh2 Rb4 43. Re1 Bf2 0-1

[Event "CHN-ch Prelim rap 1st"]
[Site "Hefei"]
[Date "2011.07.05"]
[Round "9"]
[White "Lu, Yijie"]
[Black "Hu, Yu"]
[Result "1-0"]
[WhiteElo "2370"]
[BlackElo "1720"]
[PlyCount "99"]
[EventDate "2011.07.03"]
[EventType "swiss (rapid)"]
[EventRounds "9"]
[EventCountry "CHN"]
[SourceTitle "CBM 143 Extra"]
[Source "ChessBase"]
[SourceDate "2011.08.29"]
[SourceVersion "1"]
[SourceVersionDate "2011.08.29"]
[SourceQuality "1"]

1. e4 c5 2. Nf3 Nc6 3. d4 cxd4 4. Nxd4 Nf6 5. Nc3 e5 6. Ndb5 d6 7. Bg5 a6 8. Na3 b5 9. Nd5 Be7 10. Bxf6 Bxf6 11. c4 b4 12. Nc2 Rb8 13. b3 Bg5 14. Be2 0-0 15. 0-0 f5 16. Bf3 f4 17. Qe2 Be6 18. Rfd1 Qc8 19. Rd3 Qb7 20. Rad1 Bd8 21. Bg4 Bxg4 22. Qxg4 Qf7 23. Rh3 a5 24. Rh6 g6 25. Rd3 Kg7 26. Rdh3 Rh8 27. g3 fxg3 28. hxg3 Bb6 29. Nxb6 Rxb6 30. Qh4 Kg8 31. Ne3 Rb8 32. Nd5 Rf8 33. g4 Nd4 34. Rxg6+ Qxg6 35. Ne7+ Kg7 36. Nxg6 hxg6 37. Qe7+ Rf7 38. Qxf7+ Kxf7 39. Rxh8 Kf6 40. Rf8+ Kg5 41. f3 Ne2+ 42. Kf2 Nc3 43. Ra8 Nxa2 44. Rxa5 Nc1 45. Rd5 Nxb3 46. Rxd6 Nd4 47. c5 b3 48. Rb6 Kh6 49. c6 b2 50. c7 1-0